000 00437nam a2200157 a 4500
001 12270
005 20180713200525.0
008 140415s1987 000 0 spa d
041 _aspa
082 _a658.812
_bSAA
100 1 _aSAAD, ANTONIO MIGUEL
245 1 0 _aCONVERSAR ES VENDER
260 _a[s.l.] :
_bCECSA,
_c1987
300 _a222
650 1 4 _aVENDEDORES Y ARTE DE VENDER
_xVENTAS
_xDIRECCION Y ADMINISTRACION
999 _c12270
_d12270